| 000 -CABECERA |
| Longitud fija campo de control |
00746nam a2200229 a 4500 |
| 001 - NÚMERO DE CONTROL |
| Número de control |
644 |
| 003 - IDENTIFICADOR DEL NÚMERO DE CONTROL |
| Identificador del número de control |
CDMR |
| 005 - FECHA Y HORA DE LA ÚLTIMA TRANSACCIÓN |
| Fecha y hora de la última transacción |
20160614174347.0 |
| 008 - CÓDIGOS DE INFORMACIÓN DE LONGITUD FIJA |
| Códigos de información de longitud fija |
130130s2001||||sp |||||||||||||||||spa|d |
| 020 ## - NÚMERO INTERNACIONAL NORMALIZADO PARA LIBROS |
| Número Internacional Normalizado para Libros (ISBN) |
8423333051 |
| 040 ## - FUENTE DE LA CATALOGACIÓN |
| Centro catalogador de origen |
CDMR |
| Lengua de catalogación |
cat |
| Centro transcriptor |
CDMR |
| 100 1# - PUNTO DE ACCESO PRINCIPAL-NOMBRE DE PERSONA |
| 9 (RLIN) |
2908 |
| Nombre de persona |
Sagarra, Josep Maria de |
| 245 10 - MENCIÓN DE TÍTULO |
| Título |
Cartas europeas |
| Resto del título |
: crónicas en El Sol, 1920-1929 |
| Mención de responsabilidad, etc. |
José María de Sagarra, José Pla ; edición y prólogo de Narcís Garolera |
| 260 ## - PUBLICACIÓN, DISTRIBUCIÓN, ETC. (PIE DE IMPRENTA) |
| Lugar de publicación, distribución, etc. |
Barcelona |
| Nombre del editor, distribuidor, etc. |
Destino |
| Fecha de publicación, distribución, etc. |
2001 |
| 300 ## - DESCRIPCIÓN FÍSICA |
| Extensión |
349 p. |
| 490 0# - MENCIÓN DE SERIE |
| Mención de serie |
Áncora y Delfín |
| Designación de volumen o secuencia |
924 |
| 610 04 - PUNTO DE ACCESO ADICIONAL DE MATERIA - NOMBRE DE ENTIDAD CORPORATIVA |
| 9 (RLIN) |
3590 |
| Nombre de entidad corporativa o nombre de jurisdicción como elemento inicial |
El Sol (Diari) |
| Subdivisió,n de materia general |
Recull d'escrits |
| Subdivisión cronológica |
1920-1928 |
| 650 04 - PUNTO DE ACCESO ADICIONAL DE MATERIA - TÉRMINO DE MATERIA |
| 9 (RLIN) |
3291 |
| Término de materia o nombre geográfico como elemento inicial |
Escriptors catalans |
| Subdivisión de forma |
Recull d'escrits |
| 700 1# - PUNTO DE ACCESO ADICIONAL - NOMBRE DE PERSONA |
| 9 (RLIN) |
827 |
| Nombre de persona |
Pla, Josep |
| 700 1# - PUNTO DE ACCESO ADICIONAL - NOMBRE DE PERSONA |
| 9 (RLIN) |
3589 |
| Nombre de persona |
Garolera, Narcís |
| Término indicativo de función |
ed. |
| 942 ## - ENTRADA DE ELEMENTOS AGREGADOS (KOHA) |
| Koha [por defecto] tipo de item |
Monografies |
| Fuente de clasificaión o esquema |
|